| 000 | 01415cam a22003857a 4500 | ||
|---|---|---|---|
| 003 | CHAP | ||
| 005 | 20220329142931.0 | ||
| 008 | 050311d2005 mx r 00110 spa d | ||
| 010 | _a89803 | ||
| 011 | _a90775 | ||
| 035 | _a101332 | ||
| 040 | _cCHAP | ||
| 090 | _aTesis | ||
| 100 | 0 | 0 |
_aRosette Castro, Julio César. _9100155 |
| 245 | 1 | 0 |
_aEconomía campesina y ajuste estructural : _bel caso de los productores de café de la mazateca baja en Oaxaca _c/por Julio César Rosette Castro |
| 260 |
_aChapingo, Méx. : _bEl autor, _c2005. |
||
| 300 | _a193 h. | ||
| 502 | _aTesis (M.C. en Desarrollo Rural Regional) -- UACH. Dirección de Centros Regionales | ||
| 590 |
_aALEPH _b10 _c20130110 _lUCH01 _h1504 |
||
| 590 |
_aBATCH-UPD _b10 _c20130110 _lUCH01 _h0652 |
||
| 590 |
_aBATCH-UPD _b10 _c20130410 _lUCH01 _h0337 |
||
| 590 |
_aBATCH-UPD _b10 _c20130914 _lUCH01 _h0809 |
||
| 590 |
_aCONVERSION _b10 _c20130109 _lUCH01 _h1350 |
||
| 650 | 1 | 4 |
_aCafé _zOaxaca. _917213 |
| 650 | 1 | 4 |
_aCafeticultores. _917080 |
| 650 | 1 | 4 |
_aCampesinado _zOaxaca. _918056 |
| 650 | 1 | 4 |
_aMazatecos _xCondiciones económicas. _973313 |
| 650 | 1 | 4 |
_aOrganización de productores. _983544 |
| 650 | 1 | 4 |
_aRecursos naturales _zOaxaca. _995332 |
| 901 | _aBK | ||
| 905 | _aAlejandra Carrasco M. | ||
| 942 | _cFOLL | ||
| 949 |
_aTesis _bBC _cTES _d1013321 _eTS1 _h43438 _i101332 _sb |
||
| 949 |
_aTesis _bBC _cTES _d33724000795332 _eTS2 _fc.2 _h43439 _i101332 _sb |
||
| 999 |
_c89803 _d89803 |
||